<?xml version="1.0" encoding="UTF-8"?><marc:collection xmlns:marc="http://www.loc.gov/MARC21/slim">
  <marc:record>
    <marc:leader>00000nam##2200000za#4500</marc:leader>
    <marc:controlfield tag="001">9.681371</marc:controlfield>
    <marc:controlfield tag="003">CaOODSP</marc:controlfield>
    <marc:controlfield tag="005">20200330070710</marc:controlfield>
    <marc:controlfield tag="007">ta</marc:controlfield>
    <marc:controlfield tag="008">150407|2001||||xxc|||||     f|0| 0 fre|d</marc:controlfield>
    <marc:datafield tag="020" ind1=" " ind2=" ">
      <marc:subfield code="a">0-662-85421-7</marc:subfield>
    </marc:datafield>
    <marc:datafield tag="040" ind1=" " ind2=" ">
      <marc:subfield code="a">CaOODSP</marc:subfield>
      <marc:subfield code="b">fre</marc:subfield>
    </marc:datafield>
    <marc:datafield tag="043" ind1=" " ind2=" ">
      <marc:subfield code="a">n-cn---</marc:subfield>
    </marc:datafield>
    <marc:datafield tag="086" ind1="1" ind2=" ">
      <marc:subfield code="a">RH4-4/2001F</marc:subfield>
    </marc:datafield>
    <marc:datafield tag="110" ind1="1" ind2=" ">
      <marc:subfield code="a">Canada.</marc:subfield>
      <marc:subfield code="b">Développement des ressources humaines Canada.</marc:subfield>
      <marc:subfield code="b">Programme du travail.</marc:subfield>
    </marc:datafield>
    <marc:datafield tag="245" ind1="1" ind2="0">
      <marc:subfield code="a">Les dispositions favorisant la conciliation travail-famille dans les conventions collectives au Canada / </marc:subfield>
      <marc:subfield code="c">Préparé sous la direction de Charles Philippe Rochon. </marc:subfield>
    </marc:datafield>
    <marc:datafield tag="260" ind1=" " ind2=" ">
      <marc:subfield code="a">Ottawa - Ontario : </marc:subfield>
      <marc:subfield code="b">Développement des ressources humaines Canada. </marc:subfield>
      <marc:subfield code="c">2001.</marc:subfield>
    </marc:datafield>
    <marc:datafield tag="300" ind1=" " ind2=" ">
      <marc:subfield code="a">xx, 188p. : </marc:subfield>
      <marc:subfield code="b">graphiques, références ; </marc:subfield>
      <marc:subfield code="c">28 cm.</marc:subfield>
    </marc:datafield>
    <marc:datafield tag="500" ind1=" " ind2=" ">
      <marc:subfield code="a">«L'étude des dispositions favorables à la famille figurant dans les principales conventions collectives a pour toile de fond l'engagement pris par le gouvernement fédéral, de «rendre plus avantageuses pour les familles ses propres politiques [...] et celles des employeurs assujettis à la réglementation fédérale». Elle a pour objectif premier de déterminer dans quelle mesure il a été tenu compte de la conciliation des responsabilités professionnelles et familiales dans la négociation collective. Les renseignements recueillis devraient aider les employeurs, les syndicats, les spécialistes du domaine du travail et les chercheurs.»--Sommaire.</marc:subfield>
    </marc:datafield>
    <marc:datafield tag="520" ind1="3" ind2=" ">
      <marc:subfield code="a">L'étude des dispositions favorables à la famille figurant dans les principales conventions collectives a pour toile de fond l'engagement pris par le gouvernement fédéral, de rendre plus avantageuses pour les familles ses propres politiques [...] et celles des employeurs assujettis à la réglementation fédérale. Elle a pour objectif premier de déterminer dans quelle mesure il a été tenu compte de la conciliation des responsabilités professionnelles et familiales dans la négociation collective. Les renseignements recueillis devraient aider les employeurs, les syndicats, les spécialistes du domaine du travail et les chercheurs.--Sommaire</marc:subfield>
    </marc:datafield>
    <marc:datafield tag="563" ind1=" " ind2=" ">
      <marc:subfield code="a">Reliure à spirale</marc:subfield>
    </marc:datafield>
    <marc:datafield tag="590" ind1=" " ind2=" ">
      <marc:subfield code="a">02-09</marc:subfield>
      <marc:subfield code="b">2002-03-01</marc:subfield>
    </marc:datafield>
    <marc:datafield tag="691" ind1="0" ind2="7">
      <marc:subfield code="a">Programme fédéral</marc:subfield>
      <marc:subfield code="2">gcpds</marc:subfield>
    </marc:datafield>
    <marc:datafield tag="691" ind1="0" ind2="7">
      <marc:subfield code="a">Convention collective</marc:subfield>
      <marc:subfield code="2">gcpds</marc:subfield>
    </marc:datafield>
    <marc:datafield tag="691" ind1="0" ind2="7">
      <marc:subfield code="a">Travail</marc:subfield>
      <marc:subfield code="2">gcpds</marc:subfield>
    </marc:datafield>
    <marc:datafield tag="691" ind1="0" ind2="7">
      <marc:subfield code="a">Famille</marc:subfield>
      <marc:subfield code="2">gcpds</marc:subfield>
    </marc:datafield>
    <marc:datafield tag="775" ind1="0" ind2="8">
      <marc:subfield code="t">Work and family provisions in Canadian collective agreements / </marc:subfield>
      <marc:subfield code="w">(CaOODSP)9.647986</marc:subfield>
    </marc:datafield>
    <marc:datafield tag="776" ind1="0" ind2="#">
      <marc:subfield code="t">Les dispositions favorisant la conciliation travail-famille dans les conventions collectives au Canada / </marc:subfield>
      <marc:subfield code="w">(CaOODSP)9.642318</marc:subfield>
    </marc:datafield>
    <marc:datafield tag="986" ind1=" " ind2=" ">
      <marc:subfield code="a">LT-087-01-01F</marc:subfield>
    </marc:datafield>
  </marc:record>
</marc:collection>
